00730nam a2200181 a 4500008004100000050002700041110004700068245004900115260003700164300001500201350000900216650003200225650003200257650003500289995008100324999001700405952012600422090518s1949 ||||||||||||||||| || u aGOV.ZAM.MOF(058)1949/1 aGovernment of the Republic of Zambia (GRZ)10aSouthern Rhodesia financial statements, 1949 aLusakabGovernment Printerc1949 a27p.: ill. a0.00 aZAMBIA--ECONOMIC CONDITIONS 0aAFRICA--ECONOMIC CONDITIONS aECONOMIC DEVELOPMENT--PLANNING FCBU-MAIN LIBRARY (Kitwe)I0.00UAVAILABLEWJan 30, 2019ZZambiana Collection c58006d58006 00102lcc4070a001b001cZambiana Collectiond2022-11-30l0oGOV.ZAM.MOF(058)1949/1pB3865r2022-11-30w2022-11-30y002